Sports Quiz

Random Sports or NBA Quiz

NBA Playoff Point Leaders Quiz Stats

 Plays Quiz Updated Jul 3, 2018

Challenge
Share
Tweet
Embed
Score 0/80 Timer 08:00
0 Plays Today
Games: Player: % Correct
Games 1-25:Michael Jordan (36.7)
98.6%
Games 26-50:Michael Jordan (35.9)
98.6%
Games 51-75:Michael Jordan (32.2)
98.6%
Games 76-100:Michael Jordan (32.8)
98.6%
Games 101-125:Michael Jordan (34.4)
98.6%
Games 126-150:Michael Jordan (30.3)
98.6%
Games 151-175:Michael Jordan (32.0)
98.6%
Games 1-25:LeBron James (27.5)
97.7%
Games 26-50:LeBron James (28.3)
97.7%
Games 51-75:LeBron James (31.6)
97.7%
Games 101-125:LeBron James (28.9)
97.7%
Games 126-150:LeBron James (27.7)
97.7%
Games 151-175:LeBron James (28.6)
97.7%
Games 176-200:LeBron James (27.0)
97.7%
Games 51-75:Kobe Bryant (28.4)
93.6%
Games 76-100:Kobe Bryant (29.0)
93.6%
Games 101-125:Kobe Bryant (25.5)
93.6%
Games 126-150:Kobe Bryant (31.0)
93.6%
Games 151-175:Kobe Bryant (29.7)
93.6%
Games 176-200:Kobe Bryant (28.6)
93.6%
Games 51-75:Shaquille O'Neal (30.0)
89.9%
Games 76-100:Shaquille O'Neal (29.8)
89.9%
Games 101-125:Shaquille O'Neal (29.5)
89.9%
Games 126-150:Shaquille O'Neal (22.8)
89.9%
Games 151-175:Shaquille O'Neal (20.8)
89.9%
Games 176-200:Shaquille O'Neal (18.2)
89.9%
Games 1-25:Kevin Durant (27.5)
86%
Games 26-50:Kevin Durant (30.0)
86%
Games 51-75:Kevin Durant (28.6)
86%
Games 51-75:Larry Bird (29.5)
85.4%
Games 101-125:Larry Bird (27.4)
85.4%
Games 126-150:Larry Bird (24.0)
85.4%
Games 51-75:Jerry West (31.6)
84%
Games 76-100:Jerry West (30.8)
84%
Games 101-125:Jerry West (30.2)
84%
Games 126-150:Jerry West (23.2)
84%
Games 151-175:Magic Johnson (22.3)
83.6%
Games 1-25:Kareem Abdul-Jabbar (30.1)
82.5%
Games 26-50:Kareem Abdul-Jabbar (28.5)
82.5%
Games 51-75:Kareem Abdul-Jabbar (32.0)
82.5%
Games: Player: % Correct
Games 76-100:Kareem Abdul-Jabbar (29.4)
82.5%
Games 126-150:Kareem Abdul-Jabbar (23.5)
82.5%
Games 151-175:Kareem Abdul-Jabbar (23.4)
82.5%
Games 176-200:Kareem Abdul-Jabbar (20.8)
82.5%
Games 151-175:Tim Duncan (18.6)
82.2%
Games 176-200:Tim Duncan (17.7)
82.2%
Games 51-75:Dwyane Wade (27.7)
80.4%
Games 26-50:Wilt Chamberlain (31.2)
79.6%
Games 76-100:Kevin Durant (27.6)
78.1%
Games 1-25:Allen Iverson (29.2)
76.6%
Games 26-50:Allen Iverson (31.9)
76.6%
Games 26-50:Karl Malone (28.9)
75.4%
Games 76-100:Karl Malone (27.8)
75.4%
Games 101-125:Karl Malone (25.0)
75.4%
Games 126-150:Karl Malone (25.6)
75.4%
Games 151-175:Karl Malone (22.3)
75.4%
Games 101-125:Kevin Durant (30.0)
70.2%
Games 51-75:Hakeem Olajuwon (28.7)
69.4%
Games 76-100:Hakeem Olajuwon (29.9)
69.4%
Games 1-25:Dirk Nowitzki (26.8)
67.2%
Games 176-200:Scottie Pippen (15.5)
67.2%
Games 101-125:Dirk Nowitzki (26.9)
67.2%
Games 151-175:Tony Parker (20.6)
61.3%
Games 176-200:Tony Parker (16.1)
61.3%
Games 1-25:Tracy McGrady (29.8)
52.3%
Games 151-175:Dwyane Wade (18.3)
51.6%
Games 1-25:Vince Carter (26.7)
50.4%
Games 26-50:Carmelo Anthony (28.0)
47.5%
Games 176-200:Manu Ginobili (7.8)
46.2%
Games 126-150:Kevin McHale (22.5)
44.5%
Games 76-100:James Harden (28.8)
41.5%
Games 76-100:John Havlicek (26.9)
41.4%
Games 101-125:John Havlicek (24.8)
41.2%
Games 126-150:John Havlicek (23.8)
41.2%
Games 26-50:Dominique Wilkins (28.0)
35.6%
Games 26-50:George Gervin (30.0)
32.3%
Games 1-25:Bob McAdoo (31.4)
22%
Games 1-25:Bernard King (27.2)
21.9%
Games 176-200:Robert Horry (9.3)
17.9%
Games 176-200:Derek Fisher (10.3)
17.6%

You're not logged in!

Compare scores with friends on all Sporcle quizzes.
Join for Free
OR
Log In

You Might Also Like...

Show Comments

Extras

Top Quizzes Today


Score Distribution

Your Account Isn't Verified!

In order to create a playlist on Sporcle, you need to verify the email address you used during registration. Go to your Sporcle Settings to finish the process.

Report this User

Report this user for behavior that violates our Community Guidelines.

Details: